000 00948nam a2200301Ia 4500
003 OSt
005 20221006153546.0
006 a|||||r|||| 00| 0
007 ta
008 221006b |||||||| |||| 00| 0 eng d
020 _a9780824826017
_c
_24.00
024 _a32,690
037 _bGift, 18/10/2007, Korean Embassy
_cTextual
040 _aEASL
_cEASL
_beng
041 _2eng
_aeng
082 _aP495:1, P3
100 _aMiho Choo Au.
_9664392
245 0 _aSounds of Korean
_b A prounciation guide
260 _aHonolulu
_bUniversity of Hawaii Press USA
_c2003
300 _a256p. CD - 1
_ccm.
490 _v KEL
500 _aAccompanying CD - 1
650 _a KEL
650 _aKorean language-Pronunciation by foreign speakers
_9664393
700 _a O'Grady William Au.
_9664394
942 _hP495:1, P3
_cTEXL
_2CC
999 _c1100776
_d1100776